00583cam a22001692 4500001001100000005001700011008004100028020000700069040001500076245007900091260003400170300002900204650005800233650004800291700003500339700003900374000002506520151217160134.0141027s xx 000 0 eng d a : aKABUcKABU10aBeginning dictionary /cedited by William D.Halsey, Christopher G. Morris. aNew York :bMacmillan,c1977. a1 vol. (various pagings. 0aEnglish languagevDictionaries, Juvenile.@0000181251 0aEnglish languagevDictionaries.@00001483341 aHalsey, William D.@00001854551 aMorris, Christopher G.@0000185456